Analýza obnoviteľných zdrojov energie v regiónoch SR bakalárska práca

Guardado en:
Detalles Bibliográficos
Autor principal: Procházka, Róbert
Autor Corporativo: Národohospodárska fakulta EU. Katedra verejnej správy a regionálneho rozvoja
Otros Autores: Pástor, Rudolf
Formato: Libro
Lenguaje:eslovaco
Publicado: Bratislava 2013
Etiquetas: Agregar Etiqueta
Sin Etiquetas, Sea el primero en etiquetar este registro!

MARC

LEADER 00000nbm a2200000 4500
001 0172538
005 20161109112059.3
041 0 |a slo 
044 |a SK 
245 1 0 |a Analýza obnoviteľných zdrojov energie v regiónoch SR  |b bakalárska práca  |c Róbert Procházka ; školiteľ: Rudolf Pástor 
264 1 |a Bratislava  |c 2013 
300 |a 53 s. 
100 1 |a Procházka, Róbert 
700 1 |a Pástor, Rudolf 
710 2 |a Národohospodárska fakulta EU. Katedra verejnej správy a regionálneho rozvoja